书目信息 |
| 题名: |
赶牲灵
|
|
| 作者: | 霍竹山, 著 | |
| 分册: | ||
| 出版信息: | 北京 作家出版社 2021.01 |
|
| 页数: | 158页, [1] 叶图版 | |
| 开本: | 21cm | |
| 丛书名: | ||
| 单 册: | ||
| 中图分类: | I227 | |
| 科图分类: | ||
| 主题词: | 诗集--shi ji--中国--当代 | |
| 电子资源: | ||
| ISBN: | 978-7-5212-1106-1 | |
| 000 | 00773nam0 2200241 450 | |
| 001 | 202021193408 | |
| 005 | 20211025120141.0 | |
| 010 | @a978-7-5212-1106-1@dCNY58.00 | |
| 100 | @a20210930d2021 em y0chiy50 ea | |
| 101 | 0 | @achi |
| 102 | @aCN@b110000 | |
| 105 | @aaf z 000gy | |
| 106 | @ar | |
| 200 | 1 | @a赶牲灵@Agan sheng ling@f霍竹山著 |
| 210 | @a北京@c作家出版社@d2021.01 | |
| 215 | @a158页, [1] 叶图版@c图@d21cm | |
| 314 | @a霍竹山, 中国作家协会会员, 陕西省作家协会理事。 | |
| 330 | @a本书主要内容包括: 走头头骡子三盏盏灯、门栓栓抹点老麻子油、马儿啊马儿你快点走、要把封锁踩脚下等。 | |
| 606 | 0 | @a诗集@Ashi ji@y中国@z当代 |
| 690 | @aI227@v5 | |
| 701 | 0 | @a霍竹山,@Ahuo zhu shan@f1965-@4著 |
| 801 | 0 | @aCN@c20210909 |
| 905 | @a河南城建学院图书馆@dI227@eH980 | |
| 赶牲灵/霍竹山著.-北京:作家出版社,2021.01 |
| 158页, [1] 叶图版:图;21cm |
| ISBN 978-7-5212-1106-1:CNY58.00 |
| 本书主要内容包括: 走头头骡子三盏盏灯、门栓栓抹点老麻子油、马儿啊马儿你快点走、要把封锁踩脚下等。 |
| ● |
| 相关链接 |
|
|
|
正题名:赶牲灵
索取号:I227/H980
 
预约/预借
| 序号 | 登录号 | 条形码 | 馆藏地/架位号 | 状态 | 备注 |
| 1 | 1542373 | 215423735 | 文学库108/108文学库 18排5列5层/ [索取号:I227/H980] | 在馆 | |
| 2 | 1542374 | 215423744 | 文学库108/108文学库 18排5列5层/ [索取号:I227/H980] | 在馆 | |
| 3 | 1542375 | 215423753 | 文学库108/108文学库 18排5列5层/ [索取号:I227/H980] | 在馆 |